[Event "Norway Chess op-B"]
[Site "Stavanger"]
[Date "2025.05.27"]
[Round "3"]
[White "Ege, Tor Arne"]
[Black "Ekpiken, Magnus Etim"]
[Result "1/2-1/2"]
[WhiteElo "1659"]
[BlackElo "1816"]
[PlyCount "58"]
[EventDate "2025.05.27"]
[EventType "swiss"]
[EventRounds "9"]
[EventCountry "NOR"]
[SourceTitle "CB23_2025"]
[SourceDate "2025.06.04"]
[SourceVersion "1"]
[SourceVersionDate "2025.06.04"]
[SourceQuality "1"]

1. e4 e6 2. d4 d5 3. exd5 exd5 4. Be3 Nf6 5. c4 c6 6. Nc3 Bb4 7. Qc2 0-0 8. Bd3 dxc4 9. Bxc4 Nd5 10. Bd2 Re8+ 11. Nge2 Bxc3 12. Bxc3 Bg4 13. 0-0 Nd7 14. Rfe1 N7f6 15. h3 Bh5 16. Ng3 Bg6 17. Bd3 Qb6 18. Bxg6 hxg6 19. Ne4 Nxe4 20. Rxe4 Rxe4 21. Qxe4 Nf6 22. Qd3 Re8 23. Qd2 Qa6 24. Re1 Qxa2 25. Rxe8+ Nxe8 26. Qf4 Qb1+ 27. Kh2 Nf6 28. Qb8+ Kh7 29. Qxb7 Qf5 1/2-1/2